000 00660nam a2200217 a 4500
001 17908
003 CO-ViMGA
008 141112s2004 ck r 000 u spa d
020 _a9968380709
040 _aCO-ViMGA
_bspa
_cCO-ViMGA
082 0 4 _a340.072 C175m
100 1 _aCarnelutti, Francesco
_925334
245 1 0 _aMetodología del derecho . Vol (2)
260 _aMexico,
_cJurídica,
_c2001
300 _a92.p.
490 _aGandes maestros de la filosofía del derecho
590 _aForma de adquisición : Premio - Mincultura
650 1 4 _aFILOSOFIA DEL DERECHODERECHO ENSEÑANZA
_925335
650 1 4 _aMETODOLOGIA DEL DERECHO
_97723
942 _2ddc
_cBK
999 _c27312
_d27312